[Event "Bayview op 117th"]
[Site "Toronto CAN"]
[Date "2008.07.15"]
[Round "4"]
[White "Jackiw, Mark"]
[Black "Armstrong, Robert J"]
[Result "0-1"]
[WhiteElo "1583"]
[BlackElo "1839"]
[PlyCount "102"]
[GameId "2160767910354517"]
[EventDate "2008.05.24"]
[EventType "tourn"]
[EventRounds "9"]
[EventCountry "CAN"]
[SourceTitle "EXT 2011"]
[Source "ChessBase"]
[SourceDate "2011.11.26"]
[SourceVersion "1"]
[SourceVersionDate "2011.11.26"]
[SourceQuality "1"]

1. c4 d6 2. f4 g6 3. Nf3 Bg7 4. d4 Nf6 5. Nc3 O-O 6. e4 c5 7. d5 Na6 8. Be2 Qb6 9. h3 Bd7 10. O-O Nb4 11. a3 Na6 12. Rb1 Nh5 13. Qc2 Ng3 14. Re1 Bd4+ 15. Kh2 Nxe2 16. Rxe2 Bg7 17. Be3 Qc7 18. g4 e6 19. Qd2 Rab8 20. f5 exf5 21. gxf5 f6 22. Bh6 g5 23. Bxg7 Kxg7 24. Rg2 Kf7 25. b4 cxb4 26. axb4 Qxc4 27. b5 Nc5 28. Nd4 Qd3 29. Ra1 Qxd2 30. Rxd2 a6 31. bxa6 bxa6 32. Ne6 Nb3 33. Nxf8 Bb5 34. Nxb5 Rxb5 35. Nxh7 Nxd2 36. Rxa6 Nxe4 37. Ra7+ Kg8 38. h4 gxh4 39. Kh3 Rxd5 40. Kxh4 Rxf5 41. Kg4 Rf1 42. Nxf6+ Nxf6+ 43. Kg5 Ne4+ 44. Kg4 Kf8 45. Kh3 d5 46. Ra5 d4 47. Rd5 Rd1 48. Rf5+ Kg7 49. Kg2 d3 50. Re5 Re1 51. Rd5 d2 0-1

[Event "Bayview op 117th"]
[Site "Toronto CAN"]
[Date "2008.08.26"]
[Round "5"]
[White "Armstrong, Robert J"]
[Black "MacIlquham, Thomas"]
[Result "1-0"]
[WhiteElo "1839"]
[BlackElo "1174"]
[PlyCount "85"]
[GameId "2160767910354518"]
[EventDate "2008.05.24"]
[EventType "tourn"]
[EventRounds "9"]
[EventCountry "CAN"]
[SourceTitle "EXT 2011"]
[Source "ChessBase"]
[SourceDate "2011.11.26"]
[SourceVersion "1"]
[SourceVersionDate "2011.11.26"]
[SourceQuality "1"]

1. d4 d5 2. c4 h6 3. e3 Bf5 4. Nf3 Bxb1 5. Rxb1 e6 6. Bd3 Bd6 7. O-O Nc6 8. cxd5 exd5 9. Qb3 Nf6 10. Qxb7 Nb4 11. Bb5+ Nd7 12. a3 Nc2 13. Bxd7+ Kxd7 14. Qb3 g5 15. Qxc2 g4 16. Qf5+ Kc6 17. Qxg4 h5 18. Qf5 f6 19. Bd2 Kb7 20. Qxd5+ c6 21. Qf7+ Kb8 22. Rfc1 a5 23. Rxc6 Ra7 24. Qe6 Rg7 25. Qxd6+ Qxd6 26. Rxd6 h4 27. Bxa5 Rc8 28. Rd8 Rb7 29. Rc1 Rxd8 30. Bxd8 h3 31. b4 Rg7 32. g3 f5 33. Ng5 Rg8 34. Bc7+ Kb7 35. Bf4 Kb6 36. a4 Ra8 37. a5+ Kb5 38. Bd6 Ra6 39. Bc5 Rc6 40. d5 Rc8 41. d6 Kc6 42. Bb6+ Kxd6 43. Rxc8 1-0

[Event "Bayview op 117th"]
[Site "Toronto CAN"]
[Date "2008.07.19"]
[Round "6"]
[White "Jackiw, Mark"]
[Black "Wing, Richard"]
[Result "0-1"]
[WhiteElo "1583"]
[BlackElo "1582"]
[PlyCount "62"]
[GameId "2160767910354519"]
[EventDate "2008.05.24"]
[EventType "tourn"]
[EventRounds "9"]
[EventCountry "CAN"]
[SourceTitle "EXT 2011"]
[Source "ChessBase"]
[SourceDate "2011.11.26"]
[SourceVersion "1"]
[SourceVersionDate "2011.11.26"]
[SourceQuality "1"]

1. c4 f5 2. e4 d6 3. exf5 Nf6 4. g4 h5 5. g5 Ne4 6. d3 Nc5 7. b4 Nca6 8. b5 Nb4 9. a3 N4c6 10. bxc6 Nxc6 11. Bb2 Bxf5 12. h4 Qd7 13. Bg2 e6 14. Bf3 O-O-O 15. Ne2 Rh7 16. Ng3 g6 17. Nxf5 exf5 18. O-O Ne5 19. Bxe5 dxe5 20. Qb3 c6 21. Rd1 Qd4 22. Qc3 Qxh4 23. Qxe5 Bd6 24. Qe6+ Rdd7 25. Qxg6 Rhg7 26. Qe8+ Kc7 27. g6 Rde7 28. Qxe7+ Bxe7 29. Kf1 Rxg6 30. d4 Qh3+ 31. Ke2 Re6+ 0-1

[Event "Bayview op 117th"]
[Site "Toronto CAN"]
[Date "2008.07.29"]
[Round "6"]
[White "Stein, Jacob"]
[Black "Armstrong, Robert J"]
[Result "1/2-1/2"]
[WhiteElo "1693"]
[BlackElo "1839"]
[PlyCount "114"]
[GameId "2160767910354520"]
[EventDate "2008.05.24"]
[EventType "tourn"]
[EventRounds "9"]
[EventCountry "CAN"]
[SourceTitle "EXT 2011"]
[Source "ChessBase"]
[SourceDate "2011.11.26"]
[SourceVersion "1"]
[SourceVersionDate "2011.11.26"]
[SourceQuality "1"]

1. Nf3 g6 2. g3 Bg7 3. Bg2 Nf6 4. O-O O-O 5. d3 d6 6. h4 e5 7. c4 c6 8. Qb3 Nbd7 9. Rd1 Nc5 10. Qc2 Bf5 11. b4 Na6 12. Bb2 Nxb4 13. Qb3 Qb6 14. a3 Na6 15. Qxb6 axb6 16. d4 e4 17. Nh2 d5 18. cxd5 cxd5 19. Nc3 Nc7 20. Rdc1 Rfc8 21. e3 Bf8 22. Bf1 Bd6 23. Be2 Bd7 24. a4 Bb4 25. Nb5 Nxb5 26. Rxc8+ Rxc8 27. Bxb5 Bxb5 28. axb5 Ne8 29. Ng4 Kg7 30. Ne5 Nd6 31. Nd7 Ba5 32. Ba3 Nxb5 33. Be7 Rc7 34. Bf6+ Kg8 35. Nxb6 Bb4 36. Nxd5 Rc8 37. Nxb4 Kf8 38. d5 Ke8 39. Rd1 Nd6 40. Kg2 Kd7 41. f3 Rc4 42. Rb1 exf3+ 43. Kxf3 Ne4 44. Nd3 Nd2+ 45. Ke2 Nxb1 46. Ne5+ Kd6 47. Nxc4+ Kxd5 48. Kd3 b5 49. e4+ Ke6 50. Bb2 bxc4+ 51. Kc2 Na3+ 52. Bxa3 Ke5 53. Kc3 Kxe4 54. Kxc4 Kf3 55. Bd6 f6 56. Kd5 Kg4 57. Ke6 g5 1/2-1/2

[Event "Bayview op 117th"]
[Site "Toronto CAN"]
[Date "2008.07.30"]
[Round "7"]
[White "Armstrong, Robert J"]
[Black "Wing, Richard"]
[Result "0-1"]
[WhiteElo "1839"]
[BlackElo "1582"]
[PlyCount "102"]
[GameId "2160767910354521"]
[EventDate "2008.05.24"]
[EventType "tourn"]
[EventRounds "9"]
[EventCountry "CAN"]
[SourceTitle "EXT 2011"]
[Source "ChessBase"]
[SourceDate "2011.11.26"]
[SourceVersion "1"]
[SourceVersionDate "2011.11.26"]
[SourceQuality "1"]

1. d4 Nf6 2. c4 e6 3. Nf3 c5 4. d5 exd5 5. cxd5 d6 6. Nc3 g6 7. e4 Bg4 8. h3 Bxf3 9. Qxf3 a6 10. a4 Nbd7 11. Bg5 Bg7 12. Be2 O-O 13. Qe3 Re8 14. f3 Qa5 15. Kf2 Ng4+ 16. hxg4 Bd4 17. Rh2 Bxe3+ 18. Bxe3 f6 19. Rah1 Nf8 20. Bh6 Re7 21. g5 Nd7 22. gxf6 Nxf6 23. Bg5 Rf8 24. e5 dxe5 25. d6 Rd7 26. Bc4+ Kh8 27. Kg1 b5 28. Bd3 Kg8 29. Bxg6 hxg6 30. Rh8+ Kf7 31. Rxf8+ Kxf8 32. Bxf6 Rxd6 33. Bxe5 Rd1+ 34. Nxd1 Qe1+ 35. Kh2 Qxe5+ 36. Kg1 Qe1+ 37. Kh2 Qh4+ 38. Kg1 Qxa4 39. Kf2 Qc2+ 40. Kg3 Qd2 41. Rf1 Qe2 42. Rh1 Kg7 43. Kh3 a5 44. Rg1 c4 45. Kg3 b4 46. Rh1 c3 47. bxc3 bxc3 48. Nxc3 Qe5+ 49. Kf2 Qxc3 50. Rh4 a4 51. Kg1 Qe1+ 0-1

[Event "Bayview op 117th"]
[Site "Toronto CAN"]
[Date "2008.08.12"]
[Round "8"]
[White "Verde, Pino"]
[Black "Armstrong, Robert J"]
[Result "0-1"]
[WhiteElo "1803"]
[BlackElo "1839"]
[PlyCount "54"]
[GameId "2160767910354522"]
[EventDate "2008.05.24"]
[EventType "tourn"]
[EventRounds "9"]
[EventCountry "CAN"]
[SourceTitle "EXT 2011"]
[Source "ChessBase"]
[SourceDate "2011.11.26"]
[SourceVersion "1"]
[SourceVersionDate "2011.11.26"]
[SourceQuality "1"]

1. e4 g6 2. d4 Bg7 3. e5 c5 4. c3 cxd4 5. cxd4 a6 6. Bc4 d6 7. Qf3 e6 8. Nh3 Qc7 9. Ng5 Nh6 10. Na3 dxe5 11. Ne4 Nf5 12. O-O Nxd4 13. Nf6+ Ke7 14. Nd5+ exd5 15. Qxd5 Be6 16. Bg5+ f6 17. Qe4 fxg5 18. Bxe6 Kxe6 19. Rac1 Qe7 20. Nc4 Nbc6 21. Nb6 Rad8 22. f4 gxf4 23. Na4 Rhf8 24. Nc5+ Kf7 25. Nd3 Kg8 26. b4 Qg5 27. Rc3 f3 0-1

[Event "Bayview op 117th"]
[Site "Toronto CAN"]
[Date "2008.08.12"]
[Round "9"]
[White "Armstrong, Robert J"]
[Black "Tellier, Raymond"]
[Result "1-0"]
[WhiteElo "1839"]
[BlackElo "1553"]
[PlyCount "39"]
[GameId "2160767910354523"]
[EventDate "2008.05.24"]
[EventType "tourn"]
[EventRounds "9"]
[EventCountry "CAN"]
[SourceTitle "EXT 2011"]
[Source "ChessBase"]
[SourceDate "2011.11.26"]
[SourceVersion "1"]
[SourceVersionDate "2011.11.26"]
[SourceQuality "1"]

1. d4 d5 2. c4 c6 3. Nf3 Nf6 4. e3 dxc4 5. Bxc4 Bf5 6. Qb3 e6 7. Qxb7 Nbd7 8. Qxc6 Rc8 9. Qa4 Bd3 10. Nbd2 Bxc4 11. Nxc4 Qc7 12. Nce5 Qxc1+ 13. Rxc1 Rxc1+ 14. Ke2 Rxh1 15. Nxd7 Nxd7 16. Ne5 Ke7 17. Qxd7+ Kf6 18. Qxf7+ Kg5 19. Qf4+ Kh5 20. Qg4+ 1-0

[Event "Bluenose op"]
[Site "Halifax CAN"]
[Date "2008.02.22"]
[Round "1"]
[White "Poirier, David"]
[Black "Shea, Joseph"]
[Result "1-0"]
[WhiteElo "1840"]
[BlackElo "1556"]
[PlyCount "83"]
[GameId "2160767910413384"]
[EventDate "2008.02.22"]
[EventType "swiss"]
[EventRounds "5"]
[EventCountry "CAN"]
[SourceTitle "EXT 2011"]
[Source "ChessBase"]
[SourceDate "2011.11.26"]
[SourceVersion "1"]
[SourceVersionDate "2011.11.26"]
[SourceQuality "1"]

1. d4 e6 2. e3 d5 3. Bd3 Nf6 4. f4 c5 5. c3 c4 6. Bc2 Be7 7. Nf3 O-O 8. Nbd2 Ng4 9. Qe2 f5 10. O-O Nc6 11. h3 Nf6 12. Ne5 Qe8 13. Kh2 h5 14. Ndf3 g6 15. Bd2 Kg7 16. Be1 Rh8 17. Kg1 Ne4 18. Nxc6 Qxc6 19. Ne5 Qe8 20. Bxe4 dxe4 21. Qxc4 Bd6 22. Bh4 Bd7 23. Nxd7 Qxd7 24. Bg5 Rac8 25. Qb3 Rc6 26. h4 Rb6 27. Qc2 Be7 28. Bxe7 Qxe7 29. g3 Rc8 30. Rfc1 Rbc6 31. Qd2 Qd7 32. Rd1 Qd5 33. Rdc1 b5 34. a4 a6 35. axb5 Qxb5 36. b4 Rc4 37. Ra5 Qb7 38. Rc5 R4xc5 39. dxc5 Rc7 40. Rd1 Kf7 41. Qd8 Kg7 42. Rd6 1-0

[Event "Bluenose op"]
[Site "Halifax CAN"]
[Date "2008.02.22"]
[Round "1"]
[White "Ransom, Rick"]
[Black "Kenney, David"]
[Result "0-1"]
[WhiteElo "1393"]
[BlackElo "1817"]
[PlyCount "88"]
[GameId "2160767910413385"]
[EventDate "2008.02.22"]
[EventType "swiss"]
[EventRounds "5"]
[EventCountry "CAN"]
[SourceTitle "EXT 2011"]
[Source "ChessBase"]
[SourceDate "2011.11.26"]
[SourceVersion "1"]
[SourceVersionDate "2011.11.26"]
[SourceQuality "1"]

1. c4 e5 2. Nc3 Nf6 3. g3 Nc6 4. Bg2 Be7 5. d3 O-O 6. Nf3 d6 7. O-O h6 8. Bd2 Be6 9. b3 Qd7 10. Re1 Bh3 11. Bh1 Rae8 12. Qc1 Kh7 13. a3 a5 14. Nd5 b6 15. Nxe7 Nxe7 16. Qc2 Kg8 17. b4 axb4 18. axb4 Ng6 19. Ra7 Nh5 20. Rea1 f5 21. Ne1 f4 22. Ng2 fxg3 23. fxg3 Qf5 24. Be3 c5 25. b5 e4 26. R7a2 exd3 27. Qxd3 Qf6 28. Rd1 Re6 29. Raa1 Bf5 30. Qd2 Kh7 31. Rf1 Qe7 32. Ra3 Ne5 33. Rc3 Ref6 34. Nf4 Nxf4 35. Bxf4 Bh3 36. Rd1 g5 37. Be4+ Kg7 38. Bxe5 Qxe5 39. Bg2 Bxg2 40. Kxg2 Rf2+ 41. Kg1 Rxe2 42. Qc1 Qe4 43. Rf3 Qxf3 44. Qa1+ Kg8 0-1

[Event "Bluenose op"]
[Site "Halifax CAN"]
[Date "2008.02.23"]
[Round "2"]
[White "Kenney, David"]
[Black "Gonzalez Cueto, Jose"]
[Result "1/2-1/2"]
[WhiteElo "1817"]
[BlackElo "1975"]
[PlyCount "115"]
[GameId "2160767910413386"]
[EventDate "2008.02.22"]
[EventType "swiss"]
[EventRounds "5"]
[EventCountry "CAN"]
[SourceTitle "EXT 2011"]
[Source "ChessBase"]
[SourceDate "2011.11.26"]
[SourceVersion "1"]
[SourceVersionDate "2011.11.26"]
[SourceQuality "1"]

1. d4 Nf6 2. Nf3 e6 3. e3 b6 4. Bd3 Bb7 5. Nbd2 c5 6. c3 d5 7. O-O Bd6 8. Qe2 Ne4 9. Rd1 O-O 10. Nf1 Nd7 11. N3d2 f5 12. f3 Ng5 13. e4 fxe4 14. fxe4 e5 15. exd5 Bxd5 16. c4 e4 17. Bc2 cxd4 18. cxd5 Bc5 19. Kh1 d3 20. Bxd3 Rf2 21. Qe1 exd3 22. Nb3 Re2 23. Bxg5 Qxg5 24. Qg3 Qxg3 25. Nxg3 Rxb2 26. Rxd3 Rf8 27. Rd2 Rxd2 28. Nxd2 Nf6 29. Nge4 Nxd5 30. Nxc5 bxc5 31. Rc1 Rf2 32. Ne4 Rxa2 33. Nxc5 Ne3 34. g3 Ng4 35. h4 Ne5 36. Ne4 Nf3 37. Rc8+ Kf7 38. Ng5+ Nxg5 39. hxg5 Kg6 40. Rc7 a5 41. Ra7 a4 42. Kg1 a3 43. Kf1 Ra1+ 44. Kg2 h5 45. gxh6 Kxh6 46. Kf3 Kg6 47. Kg4 Kf6 48. Ra6+ Ke5 49. Kg5 a2 50. g4 Kd4 51. Kg6 Rg1 52. Rxa2 Rxg4+ 53. Kf5 Rg1 54. Ra6 Rf1+ 55. Kg6 Rg1+ 56. Kf5 Rh1 57. Rg6 Rf1+ 58. Ke6 1/2-1/2

[Event "Bluenose op"]
[Site "Halifax CAN"]
[Date "2008.02.23"]
[Round "2"]
[White "Shea, Joseph"]
[Black "Uuetoa, Harold"]
[Result "1-0"]
[WhiteElo "1556"]
[BlackElo "1688"]
[PlyCount "131"]
[GameId "2160767910413387"]
[EventDate "2008.02.22"]
[EventType "swiss"]
[EventRounds "5"]
[EventCountry "CAN"]
[SourceTitle "EXT 2011"]
[Source "ChessBase"]
[SourceDate "2011.11.26"]
[SourceVersion "1"]
[SourceVersionDate "2011.11.26"]
[SourceQuality "1"]

1. d4 Nf6 2. c4 g6 3. Nc3 Bg7 4. e4 d6 5. Nf3 O-O 6. Be2 Bd7 7. O-O h6 8. Bf4 Nh5 9. Be3 e6 10. Ne1 Nf6 11. f4 Nc6 12. e5 Ne8 13. Nf3 Kh7 14. a3 Ne7 15. g4 Ng8 16. g5 h5 17. Nh4 Ne7 18. Bxh5 Rh8 19. Be2 Kg8 20. Bf2 c6 21. Ne4 Qc7 22. Nf6+ Bxf6 23. gxf6 Nf5 24. Nxf5 exf5 25. Bg3 Qb6 26. b4 Qc7 27. Rc1 Rd8 28. Qb3 Qb6 29. c5 dxc5 30. dxc5 Qc7 31. Bc4 Rh7 32. Rcd1 Qc8 33. Rf2 Nc7 34. Rfd2 Ne6 35. Bxe6 fxe6 36. Qxe6+ Bxe6 37. Rxd8+ Qxd8 38. Rxd8+ Kf7 39. Rb8 Bc4 40. Rxb7+ Kg8 41. Rxh7 Kxh7 42. Kf2 Kg8 43. Ke3 Kf7 44. a4 a6 45. Kd4 Bf1 46. b5 axb5 47. a5 b4 48. Be1 b3 49. Kc3 b2 50. Kxb2 Bb5 51. Kc3 Ke6 52. Kb4 Kf7 53. a6 Bxa6 54. Ka5 Bc4 55. Kb6 Bd5 56. Kc7 Ke6 57. Kd8 Kf7 58. Kd7 Be6+ 59. Kxc6 Ke8 60. Kd6 Kf7 61. Kc7 Ke8 62. c6 Bd5 63. Kd6 Bc4 64. e6 Ba6 65. f7+ Kf8 66. Bh4 1-0

[Event "Bluenose op"]
[Site "Halifax CAN"]
[Date "2008.02.23"]
[Round "3"]
[White "Poirier, David"]
[Black "Kenney, David"]
[Result "0-1"]
[WhiteElo "1840"]
[BlackElo "1817"]
[PlyCount "136"]
[GameId "2160767910413388"]
[EventDate "2008.02.22"]
[EventType "swiss"]
[EventRounds "5"]
[EventCountry "CAN"]
[SourceTitle "EXT 2011"]
[Source "ChessBase"]
[SourceDate "2011.11.26"]
[SourceVersion "1"]
[SourceVersionDate "2011.11.26"]
[SourceQuality "1"]

1. d4 Nf6 2. e3 g6 3. f4 Bg7 4. Nf3 d5 5. Bd3 Nbd7 6. Nbd2 c5 7. c3 O-O 8. O-O b6 9. Qe2 Bb7 10. e4 dxe4 11. Nxe4 Nxe4 12. Bxe4 Bxe4 13. Qxe4 cxd4 14. Nxd4 Nf6 15. Qe2 e6 16. Be3 Qc7 17. g3 Rad8 18. Rad1 Qb7 19. Qg2 Qxg2+ 20. Kxg2 Rd7 21. Nc6 Rc7 22. Ne5 Nd5 23. Bg1 Bxe5 24. fxe5 Rd8 25. Kf3 Rcd7 26. Ke2 Kf8 27. Rd4 Ke8 28. Rfd1 h5 29. Be3 b5 30. R4d3 Nxe3 31. Kxe3 Rxd3+ 32. Rxd3 Rc8 33. Kf4 Ke7 34. Rd4 Rc6 35. a4 a6 36. axb5 axb5 37. h4 Rc5 38. Rb4 Kd7 39. Rd4+ Ke8 40. Rd3 Ke7 41. b3 Ke8 42. Ke4 Ke7 43. Rf3 Ke8 44. Re3 Ke7 45. Kd3 Rd5+ 46. Kc2 f6 47. exf6+ Kxf6 48. c4 bxc4 49. bxc4 Rc5 50. Kc3 e5 51. Kb4 Rc8 52. Kb5 Ke6 53. c5 Rb8+ 54. Kc6 Rc8+ 55. Kb6 Kd5 56. Rd3+ Kc4 57. Rd1 e4 58. c6 e3 59. Kb7 Re8 60. c7 e2 61. Re1 Kd3 62. c8=Q Rxc8 63. Kxc8 Kd2 64. Rxe2+ Kxe2 65. Kd7 Kf3 66. Ke6 Kxg3 67. Kf6 Kxh4 68. Kxg6 Kg4 0-1

[Event "Bluenose op"]
[Site "Halifax CAN"]
[Date "2008.02.24"]
[Round "4"]
[White "Du, Jasmine"]
[Black "Shea, Joseph"]
[Result "1/2-1/2"]
[WhiteElo "1858"]
[BlackElo "1556"]
[PlyCount "63"]
[GameId "2160767910413389"]
[EventDate "2008.02.22"]
[EventType "swiss"]
[EventRounds "5"]
[EventCountry "CAN"]
[SourceTitle "EXT 2011"]
[Source "ChessBase"]
[SourceDate "2011.11.26"]
[SourceVersion "1"]
[SourceVersionDate "2011.11.26"]
[SourceQuality "1"]

1. e4 e6 2. d4 d5 3. exd5 exd5 4. Bd3 Nf6 5. Ne2 Be7 6. h3 O-O 7. O-O Be6 8. Nd2 Nc6 9. c3 Bd6 10. Nf3 Ne7 11. Nf4 Qd7 12. Re1 Bxf4 13. Bxf4 Ng6 14. Bg3 Nh5 15. Ne5 Nxe5 16. Bxh7+ Kxh7 17. Qxh5+ Kg8 18. dxe5 c5 19. Rad1 b5 20. b3 a5 21. Bf4 b4 22. c4 d4 23. g4 a4 24. Rd3 axb3 25. axb3 Ra3 26. Red1 Rfa8 27. Bc1 Ra1 28. f4 Qc6 29. Qh4 R8a2 30. Qd8+ Kh7 31. Qh4+ Kg8 32. Qd8+ 1/2-1/2

[Event "Bluenose op"]
[Site "Halifax CAN"]
[Date "2008.02.24"]
[Round "4"]
[White "Kenney, David"]
[Black "Wysocki, Antoni"]
[Result "1/2-1/2"]
[WhiteElo "1817"]
[BlackElo "1975"]
[PlyCount "63"]
[GameId "2160767910413390"]
[EventDate "2008.02.22"]
[EventType "swiss"]
[EventRounds "5"]
[EventCountry "CAN"]
[SourceTitle "EXT 2011"]
[Source "ChessBase"]
[SourceDate "2011.11.26"]
[SourceVersion "1"]
[SourceVersionDate "2011.11.26"]
[SourceQuality "1"]

1. c4 e5 2. Nc3 Bb4 3. g3 f5 4. Bg2 Nf6 5. e3 Bxc3 6. dxc3 O-O 7. Ne2 Nc6 8. O-O d6 9. b3 Qe8 10. f4 Kh8 11. Bd2 Bd7 12. Nc1 Rd8 13. Nd3 Ne4 14. Nf2 Nc5 15. Rb1 Bc8 16. Rb2 e4 17. Qe2 Qg6 18. Rd1 d5 19. cxd5 Rxd5 20. c4 Rd6 21. Bc3 Rfd8 22. Rxd6 Rxd6 23. Rd2 a5 24. Rxd6 Qxd6 25. Bf1 Be6 26. Qb2 Qd7 27. Qc2 Nb4 28. Bxb4 axb4 29. Be2 Kg8 30. Kf1 Kf8 31. Ke1 b6 32. Qd2 1/2-1/2

[Event "Bluenose op"]
[Site "Halifax CAN"]
[Date "2008.02.24"]
[Round "4"]
[White "Pentz, Brian"]
[Black "Cashin, Ken"]
[Result "1/2-1/2"]
[WhiteElo "1840"]
[BlackElo "1752"]
[PlyCount "65"]
[GameId "2160767910413391"]
[EventDate "2008.02.22"]
[EventType "swiss"]
[EventRounds "5"]
[EventCountry "CAN"]
[SourceTitle "EXT 2011"]
[Source "ChessBase"]
[SourceDate "2011.11.26"]
[SourceVersion "1"]
[SourceVersionDate "2011.11.26"]
[SourceQuality "1"]

1. f4 e5 2. fxe5 d6 3. Nf3 Nc6 4. e4 dxe5 5. Bb5 Bd7 6. O-O Bc5+ 7. Kh1 Qe7 8. c3 Nf6 9. b4 Bb6 10. d3 O-O 11. Bg5 a5 12. bxa5 Rxa5 13. c4 Bg4 14. Bxc6 bxc6 15. Nbd2 Bd4 16. Bxf6 gxf6 17. Nb3 Bxa1 18. Nxa5 Bc3 19. Nb3 Ra8 20. Qc2 Qb4 21. h3 Be6 22. Nh4 Kg7 23. Qf2 Qe7 24. Nc1 Bd4 25. Nf5+ Bxf5 26. Qxf5 Qe6 27. Qh5 Be3 28. Ne2 Bf4 29. Nxf4 exf4 30. Rxf4 Rxa2 31. Rg4+ Kf8 32. Qh6+ Ke7 33. Qe3 1/2-1/2

[Event "Bluenose op"]
[Site "Halifax CAN"]
[Date "2008.02.24"]
[Round "5"]
[White "Cashin, Ken"]
[Black "Gonzalez Cueto, Jose"]
[Result "0-1"]
[WhiteElo "1752"]
[BlackElo "1975"]
[PlyCount "70"]
[GameId "2160767910413392"]
[EventDate "2008.02.22"]
[EventType "swiss"]
[EventRounds "5"]
[EventCountry "CAN"]
[SourceTitle "EXT 2011"]
[Source "ChessBase"]
[SourceDate "2011.11.26"]
[SourceVersion "1"]
[SourceVersionDate "2011.11.26"]
[SourceQuality "1"]

1. e4 e5 2. Nf3 Nf6 3. Nxe5 d6 4. Nf3 Nxe4 5. Nc3 Nxc3 6. dxc3 Be7 7. Bc4 Nc6 8. Bf4 Bg4 9. h3 Bh5 10. g4 Bg6 11. Qd2 Na5 12. Bd3 d5 13. O-O-O c6 14. h4 Bxd3 15. Qxd3 Nc4 16. Ne5 Nxe5 17. Bxe5 O-O 18. g5 b5 19. Qd4 f6 20. gxf6 Bxf6 21. Rhg1 Bxe5 22. Qxe5 Qf6 23. Qxf6 Rxf6 24. Rde1 Rxf2 25. Re7 Rf7 26. Re6 Rc8 27. h5 a5 28. Kd2 Kf8 29. a4 bxa4 30. Rg4 Rf2+ 31. Kd3 Kf7 32. Re3 Kf6 33. Rxa4 c5 34. Rxa5 c4+ 35. Kd4 Rd2+ 0-1

[Event "Bluenose op"]
[Site "Halifax CAN"]
[Date "2008.02.24"]
[Round "5"]
[White "Kenney, David"]
[Black "Kenney, Jason"]
[Result "0-1"]
[WhiteElo "1817"]
[BlackElo "2184"]
[PlyCount "68"]
[GameId "2160767910413393"]
[EventDate "2008.02.22"]
[EventType "swiss"]
[EventRounds "5"]
[EventCountry "CAN"]
[SourceTitle "EXT 2011"]
[Source "ChessBase"]
[SourceDate "2011.11.26"]
[SourceVersion "1"]
[SourceVersionDate "2011.11.26"]
[SourceQuality "1"]

1. c4 e5 2. g3 Nc6 3. Bg2 g6 4. Nc3 Bg7 5. e3 d6 6. Nge2 Be6 7. b3 Qd7 8. Bb2 Bh3 9. O-O h5 10. Re1 Bxg2 11. Kxg2 h4 12. Ng1 O-O-O 13. Nd5 Nh6 14. b4 hxg3 15. fxg3 Nf5 16. b5 Nce7 17. a4 Rh7 18. e4 Rdh8 19. Nf3 Nxd5 20. cxd5 Nd4 21. Bxd4 exd4 22. Rc1 Be5 23. Qe2 Rxh2+ 24. Nxh2 Qh3+ 25. Kh1 Bxg3 26. Qg2 Qh4 27. Re2 Qf4 28. Rf1 Rxh2+ 29. Qxh2 Qxf1+ 30. Qg1 Qxe2 31. Qxg3 Qxe4+ 32. Kg1 Qxd5 33. Qh3+ Qf5 34. Qh8+ Kd7 0-1

[Event "Bluenose op"]
[Site "Halifax CAN"]
[Date "2008.02.24"]
[Round "5"]
[White "Newman, Eric"]
[Black "Shea, Joseph"]
[Result "1/2-1/2"]
[WhiteElo "1617"]
[BlackElo "1556"]
[PlyCount "48"]
[GameId "2160767910413394"]
[EventDate "2008.02.22"]
[EventType "swiss"]
[EventRounds "5"]
[EventCountry "CAN"]
[SourceTitle "EXT 2011"]
[Source "ChessBase"]
[SourceDate "2011.11.26"]
[SourceVersion "1"]
[SourceVersionDate "2011.11.26"]
[SourceQuality "1"]

1. e4 e6 2. d4 d5 3. exd5 exd5 4. Bd3 Nf6 5. h3 Be7 6. Nf3 O-O 7. Be3 Be6 8. Nbd2 Nbd7 9. Rc1 c5 10. c3 c4 11. Bb1 b5 12. Ng5 Qe8 13. Ndf3 h6 14. Nxe6 fxe6 15. g4 Ne4 16. Qe2 Qf7 17. Ne5 Nxe5 18. dxe5 Ng5 19. f4 Ne4 20. Bxe4 Bh4+ 21. Kd2 dxe4 22. Kc2 Rad8 23. Rhf1 Rd3 24. Kb1 Rfd8 1/2-1/2

[Event "British Columbia-ch"]
[Site "Vancouver CAN"]
[Date "2008.10.10"]
[Round "1.1"]
[White "Berry, Jonathan"]
[Black "McLaren, Brian"]
[Result "1-0"]
[WhiteElo "2279"]
[BlackElo "2269"]
[PlyCount "133"]
[GameId "2160767910303024"]
[EventDate "2008.10.10"]
[EventType "tourn"]
[EventRounds "7"]
[EventCountry "CAN"]

1. c4 f5 2. Nc3 Nf6 3. g3 g6 4. Bg2 Bg7 5. Nh3 O-O 6. O-O e5 7. d3 c6 8. f4 d6 9. Rb1 Na6 10. Nf2 Nc7 11. b4 a6 12. Qc2 Be6 13. a4 e4 14. dxe4 Bxc4 15. exf5 gxf5 16. Bh3 Be6 17. b5 axb5 18. axb5 Qd7 19. Bg2 Nxb5 20. Nxb5 cxb5 21. Rd1 Bc4 22. e4 Ra2 23. Bb2 fxe4 24. Nxe4 Nxe4 25. Bxe4 Bxb2 26. Rxb2 Rxb2 27. Qxb2 d5 28. Qe5 Rd8 29. Qg5+ Kf7 30. Bxh7 Qd6 31. Bg6+ Qxg6 32. Qxd8 Qe4 33. Qc7+ Kf6 34. Qd6+ Kf5 35. Qf8+ Kg4 36. Qg7+ Kf3 37. Qc3+ Qe3+ 38. Qxe3+ Kxe3 39. h4 d4 40. h5 d3 41. h6 Ke2 42. Rb1 d2 43. h7 Bd3 44. h8=Q Bxb1 45. Qe5+ Kd3 46. Qf5+ Ke2 47. Qxb1 d1=Q+ 48. Qxd1+ Kxd1 49. f5 b4 50. f6 b3 51. f7 b2 52. f8=Q b1=Q 53. Qf1+ Kc2 54. Qxb1+ Kxb1 55. g4 b5 56. g5 b4 57. g6 b3 58. g7 b2 59. g8=Q Kc2 60. Qc4+ Kd2 61. Qb3 Kc1 62. Qc3+ Kb1 63. Kf2 Ka2 64. Qc2 Ka1 65. Qa4+ Kb1 66. Ke2 Kc1 67. Qd1# 1-0

[Event "British Columbia-ch"]
[Site "Vancouver CAN"]
[Date "2008.10.09"]
[Round "1.2"]
[White "Wu, Howard"]
[Black "Patterson, Roger"]
[Result "1/2-1/2"]
[WhiteElo "2240"]
[BlackElo "2243"]
[PlyCount "72"]
[GameId "2160767910303025"]
[EventDate "2008.10.10"]
[EventType "tourn"]
[EventRounds "7"]
[EventCountry "CAN"]

1. e4 c5 2. c4 Nc6 3. Nc3 d6 4. g3 g6 5. Bg2 Bg7 6. Nge2 e6 7. O-O Nge7 8. d3 O-O 9. Bg5 h6 10. Be3 Nd4 11. Qd2 Kh7 12. f4 f5 13. Rab1 Nec6 14. Bf2 Rb8 15. a3 a5 16. Nb5 e5 17. Nexd4 exd4 18. b4 axb4 19. axb4 Nxb4 20. Nxd4 Bd7 21. exf5 gxf5 22. Rfe1 Qf6 23. Rxb4 cxb4 24. Qxb4 Rfe8 25. Rxe8 Bxe8 26. Qa5 Bg6 27. Qc7 Qd8 28. Qxd8 Rxd8 29. Bxb7 Rb8 30. Bf3 Rb1+ 31. Kg2 Rb2 32. Ne6 Bc3 33. Kf1 Bf7 34. Nc7 Rb1+ 35. Kg2 Rb2 36. Kf1 Rb1+ 1/2-1/2